000 00647nam a2200241Ia 4500
003 OSt
005 20221007102043.0
006 a|||||r|||| 00| 0
007 ta
008 221006b |||||||| |||| 00| 0 eng d
024 _a9,287
037 _cTextual
040 _aLCO
_cLCO
_beng
041 _2eng
_aeng
082 _aZ2,193, M6
100 _aVadackumchery J.
_9704227
245 0 _aCrime Law and Police Science
260 _aTrivandrum
_bKairali Books International India
_c1986
300 _a372
650 _aPOLICE SCIENCE
_9704228
942 _hZ2,193, M6
_cTEXL
999 _c1178850
_d1178850